000
00331nam a22001457a 4500
008
210303b ||||| |||| 00| 0 eng d
020
_a
9781256195412
041
_a
eng
080
_2
5th
_a
316
082
_a
316
100
_a
50
101
_a
SOC
245
_a
Sociology A down-to-Earth Approach
_c
Henslin, J.M
942
_2
udc
_c
BK
999
_c
55647
_d
55647